| 000 | 00745nam a22002657a 4500 | ||
|---|---|---|---|
| 003 | CHAP | ||
| 005 | 20220329134502.0 | ||
| 008 | 971013s r 00010 d | ||
| 010 | _a21069 | ||
| 011 | _a22041 | ||
| 035 | _a26133 | ||
| 040 | _cCHAP | ||
| 082 |
_a636.597 _bA78 |
||
| 100 | 0 | 0 |
_aArtigas Rossell, Claudio. _97769 |
| 245 | _aExplotación lucrativa de patos y gansos | ||
| 260 |
_aBarcelona : _bSintes, _c(sa.) |
||
| 300 |
_a335 p. _b: ilus |
||
| 590 |
_aBATCH-UPD _b10 _c20130110 _lUCH01 _h1509 |
||
| 590 |
_aCONVERSION _b10 _c20130109 _lUCH01 _h1313 |
||
| 650 | 1 | 4 |
_aGansos. _945563 |
| 650 | 1 | 4 |
_aPatos. _986202 |
| 901 | _aBK | ||
| 942 | _cLIBRO | ||
| 949 |
_a636.597 A78 _bBC _cLIBRO _d33724000105870 _eLIBRO _h24694 _i26133 _si _t32.00 |
||
| 999 |
_c21069 _d21069 |
||